Philadelphia Eagles all-time stat leaders - Statistics

General Stats
  • This quiz has been taken 91 times
  • The average score is 6 of 10
Answer Stats
Stat # Player % Correct
Passing yards 32,873 Donovan McNabb
96%
Passing TDs 216 Donovan McNabb
96%
Rushing yards 6,792 LeSean McCoy
92%
Sacks 124 Reggie White
85%
Receptions 589 Harold Carmichael
72%
Receiving yards 8,978 Harold Carmichael
72%
Receiving TDs 79 Harold Carmichael
72%
Rushing TDs 69 Steve Van Buren
34%
Tackles 568 Trent Cole
18%
Interceptions 34 Brian Dawkins, Eric Allen, Bill Bradley
7%
No matching quizzes found
Score Distribution
Percent of People with Each Score
Percentile by Number Answered
Your Score History
You have not taken this quiz